000 00698cab a2200253 4500
001 WB2827-48
008 090401t1992 xxu||||| |||| 00| 0 eng d
035 _a(Sirsi) u55664
041 _aeng
245 _aTransporting water south
260 _c1992
350 _a0
490 _aFinancial Times
_v7 July 1992, 8(1)
520 _aBritish Waterways is commissioning a feasibility study into carrying water by canal to areas suffering drought.
650 _aBRITISH WATERWAYS
650 _aCANALS
650 _aDROUGHT
650 _aEnvironment
_96238
650 _aFEASIBILITY STUDY
650 _aNATIONAL RIVERS AUTHORITY
690 _aWATER
942 _n0
948 _c04/03/1997
999 _c34026
_d34026